000 00899nam a22001935i 4500
001 178618
003 ES-MaACL
005 20230906220555.0
008 110609s1969 sp o |||| | spa d
080 _a929 Campá y Porta, Francisco de P.
100 1 _aFrancés Tutusaus, Jose María.
_9147024
245 1 0 _aEstudio sobre D. Francisco de P. Campá y Porta
_b: su época, su vida y su obra /
_cresumen de la tesis presentada para aspirar al grado de doctor en medicina por José Mª Francés Tutusaus.
260 _aBarcelona :
_bUniversidad de Barcelona, Secretariado de Publicaciones, Intercambio Científico y Extensión Universitaria :
_bIvern,
_c1969.
300 _a13 p. :
_bil. bl. y n. ;
_c24 cm.
500 _aCub. tomada como port.
600 1 4 _aCampá y Porta, Francisco de P.
_9147025
710 2 _aUniversidad de Barcelona.
_97141
852 _aES-MaACL
_jE-15361 (23)
_xOlim P-1374
999 _c178618
_d178618